skbl

Dr Suryya Kumar Bhuyan Library Web-OPAC
ডঃ সূৰ্য্য
কুমাৰ ভূঞা পুথিভঁৰাল ৱেব-অ'পেক

All Research Scholars are advised to clear the annual library fees to continue using Library Resources, Remote Access, Plagiarism Test and Library Clearance.

Cotton University Book Fair 2026

Nichidra Nirjanata (Record no. 67202)

MARC details
000 -LEADER
fixed length control field 00466nam a2200181Ia 4500
001 - CONTROL NUMBER
control field 66109
008 - FIXED-LENGTH DATA ELEMENTS--GENERAL INFORMATION
fixed length control field 231004n ii |||gr||||Z||||||asm
082 ## - DEWEY DECIMAL CLASSIFICATION NUMBER
Classification number 891.41182
100 ## - MAIN ENTRY--PERSONAL NAME
Personal name Baruah, ShivPrasad.
245 #0 - TITLE STATEMENT
Title Nichidra Nirjanata
Statement of responsibility, etc. By ShivPrasad Baruah
Medium Textual Documents
250 ## - EDITION STATEMENT
Edition statement First.
260 ## - PUBLICATION, DISTRIBUTION, ETC.
Place of publication, distribution, etc. Ghy:
Name of publisher, distributor, etc. Ambashan,
Date of publication, distribution, etc. 2017.
300 ## - PHYSICAL DESCRIPTION
Extent 86pg:
Dimensions 23cm.
653 ## - INDEX TERM--UNCONTROLLED
Uncontrolled term Assamese
653 ## - INDEX TERM--UNCONTROLLED
Uncontrolled term Assamese Kabita
653 ## - INDEX TERM--UNCONTROLLED
Uncontrolled term G--Gift Section
942 ## - ADDED ENTRY ELEMENTS (KOHA)
Source of classification or shelving scheme Dewey Decimal Classification
Koha item type Books
Holdings
Withdrawn status Lost status Damaged status Not for loan Collection Home library Current library Shelving location Date acquired Coded location qualifier Cost, normal purchase price Total checkouts Full call number Barcode Date last seen Copy number Price effective from Koha item type
          Dr. Suryya Kumar Bhuyan Library Dr. Suryya Kumar Bhuyan Library   04/10/2023 00000 80.00   891.41182 Ba 29 Ni 6714/gift 14/01/2024 1 04/10/2023 Books

Designed and Maintained by Team SKBL
©1901-2026

Powered by Koha